000
00340pab a2200145 454500
008
180718b1986 xxu||||| |||| 00| 0 eng d
100
_a
Singh, Jag Pal
245
_a
How best to plan for the rural uplift
260
_c
1986
300
_a
19-22,28
362
_a
1 Mar.
650
_a
Rural Development
773
_a
Yojana
909
_a
17409
999
_c
17409
_d
17409